Statistics for Formula One Constructor's Champions

Click here to take the quiz!

General Stats

  • This quiz has been taken 233 times
  • The average score is 11 of 20

Answer Stats

Winner % Correct
Ferrari
100%
Mercedes
97%
Red Bull
94%
Renault
92%
McLaren
91%
Williams
87%
Honda
81%
Lotus
66%
Brawn
63%
Ford
62%
Benetton
55%
Brabham
45%
Tyrrell
31%
BRM
26%
Cooper
26%
Matra
22%
Vanwall
21%
TAG
18%
Climax
13%
Repco
12%

Score Distribution

Percentile by Number Answered

Percent of People with Each Score

Your Score History

You have not taken this quiz